Online
Catalog

Ensayo jurídico sobre el artículo 911 del código civil. (Record no. 55716)

MARC details
000 -CABECERA
campo de control de longitud fija 01332nam a2200265 i 4500
003 - IDENTIFICADOR DEL NÚMERO DE CONTROL
campo de control DO-SdBNP
005 - FECHA Y HORA DE LA ÚLTIMA TRANSACCIÓN
campo de control 20240117134256.0
006 - CÓDIGOS DE INFORMACIÓN DE LONGITUD FIJA--CARACTERÍSTICAS DEL MATERIAL ADICIONAL
campo de control de longitud fija a||||fr|||| 00| 0
007 - CAMPO FIJO DE DESCRIPCIÓN FÍSICA--INFORMACIÓN GENERAL
campo de control de longitud fija ta
008 - DATOS DE LONGITUD FIJA--INFORMACIÓN GENERAL
campo de control de longitud fija 240117e1909 dr ||||| m||| 00| 0 spa d
040 ## - FUENTE DE LA CATALOGACIÓN
Centro catalogador/agencia de origen DO-SdBNP
Lengua de catalogación spa
Centro/agencia transcriptor BNPHU
Normas de descripción rda
082 #4 - NÚMERO DE LA CLASIFICACIÓN DECIMAL DEWEY
Número de edición 22
Número de documento/Ítem L793e
245 10 - MENCIÓN DE TÍTULO
Título Ensayo jurídico sobre el artículo 911 del código civil.
Resto del título año académico de 1908 a 1909, tesis no. 7 para la Licenciatura /
Mención de responsabilidad, etc. Pedro A. Lluberes (hijo)
246 14 - FORMA VARIANTE DE TÍTULO
Título propio/Titulo breve Tesis para la Licenciatura.
264 #1 - PRODUCCIÓN, PUBLICACIÓN, DISTRIBUCIÓN, FABRICACIÓN Y COPYRIGHT
Producción, publicación, distribución, fabricación y copyright Santo Domingo :
Nombre del de productor, editor, distribuidor, fabricante Cuna de las América,
Fecha de producción, publicación, distribución, fabricación o copyright 1909
300 ## - DESCRIPCIÓN FÍSICA
Extensión 46 páginas ;
Dimensiones 23 cm.
336 ## - TIPO DE CONTENIDO
Fuente rdacontent
Término de tipo de contenido texto
Código de tipo de contenido txt
337 ## - TIPO DE MEDIO
Fuente rdamedia
Nombre/término del tipo de medio sin mediación
Código del tipo de medio n
338 ## - TIPO DE SOPORTE
Fuente rdacarrier
Nombre/término del tipo de soporte volumen
Código del tipo de soporte nc
500 ## - NOTA GENERAL
Nota general Art. 16 del reglamento interior del Instituto Profesional. En el examen final, el actuante está obligado á responder á todas las preguntas i observaciones del Jurado Examinador que directa é indirectamente se relaciona con su tesis.
500 ## - NOTA GENERAL
Nota general Jurado Examinador: Lic. Ángel M. Soler / Catedrático.<br/>Vocales: Lic. Fed. Henríquez y Carvajal / Catedrático, Lic. Natalio Redondo / Catedrático.<br/>
590 ## - NOTA LOCAL (RLIN)
Nota local Tesis para la Licenciatura de Derecho Civil 1909.<br/>Inventariado 2024 / MF
710 1# - PUNTO DE ACCESO ADICIONAL--NOMBRE DE ENTIDAD CORPORATIVA
Nombre de entidad corporativa o nombre de jurisdicción como elemento de entrada Instituto Profesional de Santo Domingo
Unidad subordinada Faculta de Derecho Civil
9 (RLIN) 84783
942 ## - ELEMENTOS DE PUNTO DE ACCESO ADICIONAL (KOHA)
Fuente del sistema de clasificación o colocación Dewey Decimal Classification
Tipo de ítem Koha Folleto
Holdings
Estado de retiro Estado de pérdida Fuente del sistema de clasificación o colocación Restricciones de uso No para préstamo Código de colección Localización permanente Ubicación/localización actual Ubicación en estantería Fecha de adquisición Fuente de adquisición Total de préstamos Signatura topográfica completa Código de barras Fecha visto por última vez Precio válido a partir de Tipo de ítem Koha
    Dewey Decimal Classification Excluido de préstamo   Folleto General Raros y Valiosos Biblioteca Nacional Pedro Henríquez Ureña Biblioteca Nacional Pedro Henríquez Ureña En catalogación 17.01.2024 Perteneció a la bibliioteca de Carlos Larrazábal Blanco   L793e 2024-0286 17.01.2024 17.01.2024 Folleto

Powered by Koha